000 00459pab a2200169 454500
008 180718b2007 xxu||||| |||| 00| 0 eng d
100 _aDevdutt
245 _aMinorities in India: evolution of Praxis and Lexis relating to the problems of minorities during 1948-2007
260 _c2007
300 _ap.23-39.
362 _aJul-Sep
650 _aMinority groups - India
650 _aMinority groups
773 _aAlpjan
908 _aN
909 _a76614
999 _c76614
_d76614